Psiquiatría y poder
Uloženo v:
| Hlavní autor: | |
|---|---|
| Médium: | Kniha |
| Jazyk: | španělština |
| Vydáno: |
Buenos Aires
Granica
1972
|
| Vydání: | 1a. ed |
| Edice: | Psiquiatría y Sociedad
|
| Témata: | |
| Tagy: |
Přidat tag
Žádné tagy, Buďte první, kdo vytvoří štítek k tomuto záznamu!
|
MARC
| LEADER | 00000nam a2200000 a 4500 | ||
|---|---|---|---|
| 001 | UCG1807 | ||
| 003 | CL-VaPUC | ||
| 008 | 100520e19720000AG |||||||||||||||||spa|d | ||
| 082 | 0 | 4 | |a 616.89 |b BER |2 21 |
| 100 | 0 | |a Berlinguer, Giovanni |e author |9 549838 | |
| 245 | 1 | 0 | |a Psiquiatría y poder |
| 250 | |a 1a. ed | ||
| 300 | |a 125 p | ||
| 942 | |c BK | ||
| 945 | |d 20100520 00:00:00 |a rbrito | ||
| 260 | |a Buenos Aires |b Granica |c 1972 | ||
| 650 | 0 | |a Psiquiatría |9 308427 | |
| 650 | 0 | |a Enfermedades mentales |9 310204 | |
| 650 | 0 | |a Mente |9 330838 | |
| 650 | 0 | |a Cerebro |9 307262 | |
| 650 | 0 | |a Psicoanálisis |9 265702 | |
| 583 | |a last modification |c 20100520 00:00:00 |k Rodrigo Vera | ||
| 490 | 0 | |a Psiquiatría y Sociedad | |
| 999 | |c 341070 |d 341068 | ||
| 952 | |0 0 |1 0 |4 0 |6 616_890000000000000_BER_1972 |7 0 |8 P |9 436289 |a BIBEDU |b BIBEDU |c BIBEDU_PB |d 2019-11-22 |i 4676629 |o 616.89 BER 1972 |p 4676629 |r 2019-11-22 |w 2019-11-22 |y BK |k EPE | ||